Economic development of Karnataka: a treatise in continuity and change (Record no. 351997)

000 -LEADER
fixed length control field 00396cam a22001217a 4500
008 - FIXED-LENGTH DATA ELEMENTS--GENERAL INFORMATION
fixed length control field 180718b1980 xxu||||| |||| 00| 0 eng d
082 ## - DEWEY DECIMAL CLASSIFICATION NUMBER
Classification number T19x5444 P985
100 ## - MAIN ENTRY--PERSONAL NAME
Personal name Puttaswamaiah, K.
245 ## - TITLE STATEMENT
Title Economic development of Karnataka: a treatise in continuity and change
Statement of responsibility, etc. by K. Puttaswamaiah
260 ## - PUBLICATION, DISTRIBUTION, ETC.
Place of publication, distribution, etc. Delhi
Name of publisher, distributor, etc. Oxford & IBH
Date of publication, distribution, etc. 1980
300 ## - PHYSICAL DESCRIPTION
Extent 2v.
650 ## - SUBJECT ADDED ENTRY--TOPICAL TERM
Topical term or geographic name entry element Karnataka (India) --Economic policy.
Holdings
Withdrawn status Lost status Damaged status Not for loan Permanent Location Current Location Date acquired Full call number Barcode Date last seen Price effective from Koha item type
        Indian Institute of Public Administration Indian Institute of Public Administration 1993-11-18 T19x5444 P985 56101 2018-07-21 2018-07-21 Book
        Indian Institute of Public Administration Indian Institute of Public Administration 1993-11-18 T19x5444 P985 56100 2018-07-21 2018-07-21 Book

Powered by Koha